| 000 | 00870cam a22002657a 4500 | ||
|---|---|---|---|
| 020 | _a9251053642 | ||
| 040 | _cVPI | ||
| 082 | _aRIS INT 2005 A035 Or. | ||
| 245 | 0 | 0 |
_aRice is life : _bInternational Year of Rice 2004 and its implementation / |
| 246 | 3 | 0 | _aInternational Year of Rice 2004 and its implementation |
| 260 |
_aRome, Italy : _bInternational Rice Commission : _bFAO, _c2005. |
||
| 300 |
_axvii, 133 p. : _bcol. ill. ; _c22 x 28 cm. |
||
| 500 | _a"October 2005"-- T.p. | ||
| 650 | 0 | _aRice | |
| 650 | 0 | _aRice trade. | |
| 650 | 0 | _aRice products. | |
| 650 | 0 | _aSustainable development. | |
| 650 | 0 | _aRice | |
| 650 | 0 | _aRice | |
| 650 | 0 | _aRice in human nutrition. | |
| 710 | 2 | _aInternational Rice Commission. | |
| 710 | 2 | _aFood and Agriculture Organization of the United Nations. | |
| 710 | 2 | _aInternational Year of Rice (Program) | |
| 942 | _cAEDBB | ||
| 999 |
_c20897 _d20897 |
||